00702 2200265 4500001002100000005001700021008004100038035002400079082001400103090002100117100001600138245006200154260003600216300002600252500003000278650002400308850001300332980001300345985000600358986001200364999001500376999001500391999001500406999001500421YOGYA-0209000001926420090227022947.0 ind  0010-020900000019264 a621.38234 a621.38234bHar S aHARDI, Syam a150 macam gangguan cassette recorder circuitscSyam Hardi aJakartabBmi Aksarac19984-1992 a...jilidbilusc21 cm aYang diterima : jil. 1, 2 aRecorder - Gangguan aYOPDYOGB a13-03-06 a4 artrevTM a96P0082849 a96P0082851 a96P0082854 a96P0082850